00527nam a2200157 4500999001900000082001700019100002400036245006100060260002500121300000900146650002400155650002100179650002700200650003300227952010900260 c517243d517243 aTNC K18 P192 aPande, A.K. 924859 aGrit that defied odds: Reflections of a revenue officer  aDelhibKonark c2008 a197p aBureaucracy 924860 aPolitics 924861 aCivil Services 924862 aEconomic development 924863 00102ddc406TNC_K18_P19270aIIPAbIIPAd2021-07-07oTNC K18 P192pGR23504r2021-07-07w2021-07-07yGR